| 000 | 01669cam a22003251i 4500 | ||
|---|---|---|---|
| 003 | SA-RiAUC | ||
| 005 | 20250101060701.0 | ||
| 008 | 241231s2006 su g 00010 ara c | ||
| 020 | _a9960564002 | ||
| 040 |
_aSA-JeALM _bara _cSA-RiAUC _erda |
||
| 043 | _aa-su--- | ||
| 082 | 0 | 4 |
_a953.121 _qSA-RiAUC |
| 090 |
_a953.121 _bس ن ي |
||
| 100 | 1 |
_aالسنيدي، عبد العزيز بن راشد بن عبد الكريم، _d1382 هجري- _eمؤلف. |
|
| 245 | 1 | 0 |
_aمكة في النصف الثاني من القرن الرابع الهجري : _bكما وصفها المقدسي في كتابه أحسن التقاسيم في معرفة الأقاليم / _cعبد العزيز بن راشد السنيدي. |
| 250 | _aالطبعة الأولى. | ||
| 264 | 1 |
_a[مكان النشر غير محدد] : _b[الناشر غير محدد]، _c2006 |
|
| 264 | 3 |
_aالرياض : _bمطبعة سفير |
|
| 300 |
_a126 صفحة ؛ _c24 سم |
||
| 336 |
_aنص _btxt _2rdacontent _3كتاب |
||
| 337 |
_aبدون وسيط _bn _2rdamedia |
||
| 338 |
_aمجلد _bnc _2rdacarrier |
||
| 500 | _aاهداء من المؤلف عبدالعزيز السنيدي بتاريخ 29 / 10 / 1427 هـ | ||
| 504 | _aببليوجرافية : صفحة 117-126. | ||
| 651 | 7 |
_aمكة المكرمة _xتاريخ _yقرن 4 هجري _2aucsh |
|
| 651 | 7 |
_aمكة المكرمة _xوصف ورحلات _yقرن 4 هجري _2aucsh |
|
| 700 | 1 | 2 |
_iشرح لـ (عمل) : _aالمقدسي، محمد بن أحمد بن أبي بكر، _d336-حوالي 380 هجري. _tأحسن التقاسيم في معرفة الأقاليم |
| 942 |
_2ddc _cBOOK _n0 |
||
| 949 |
_aSA-JeALM _d241231 _uosman123 _n1 |
||
| 999 |
_c4218 _d4218 |
||